A chronicle of the conquest of Granada (Record no. 156087)

MARC details
000 -LEADER
campo de control de longitud fija 01002nam a22002415i 4500
001 - NÚMERO DE CONTROL
campo de control 156087
003 - IDENTIFICADOR DE NÚMERO DE CONTROL
campo de control ES-MaACL
005 - FECHA Y HORA DE LA ÚLTIMA TRANSACCIÓN
campo de control 20250804062646.0
008 - DATOS DE LONGITUD FIJA--INFORMACIÓN GENERAL
campo de control de longitud fija 040727s1890 xxk |||| | eng d
040 ## - FUENTE DE CATALOGACIÓN
Centro catalogador/agencia de origen CAM
Lengua de catalogación spa
Centro/agencia transcriptor CAM
100 0# - ENTRADA PRINCIPAL--NOMBRE DE PERSONA
Nombre de persona Irving, Washington,
Fechas asociadas al nombre 1783-1859
9 (RLIN) 65506
245 12 - MENCIÓN DEL TÍTULO
Título A chronicle of the conquest of Granada
Resto del título : fron the Mss. of Fray Antonio Agapida ; To which is added Legends of the conquest of Spain /
Mención de responsabilidad, etc. by Washington Irving.
260 ## - PUBLICACIÓN, DISTRIBUCIÓN, ETC.
Lugar de publicación, distribución, etc. London :
Nombre del editor, distribuidor, etc. George Bell and Sons,
Fecha de publicación, distribución, etc. 1890 (
Fabricante printed by William Clowes and Sons)
300 ## - DESCRIPCIÓN FÍSICA
Extensión 2 v. (VIII, 248 ; 249-492 p.) ;
Dimensiones 18 cm.
650 #7 - PUNTO DE ACCESO ADICIONAL DE MATERIA--TÉRMINO DE MATERIA
Término de materia o nombre geográfico como elemento de entrada Novela inglesa
9 (RLIN) 137408
Fuente del encabezamiento o término embne
651 #4 - PUNTO DE ACCESO ADICIONAL DE MATERIA--NOMBRE GEOGRÁFICO
Nombre geográfico España-
Subdivisión general Historia-
Subdivisión cronológica 0711-1492, Reconquista.
9 (RLIN) 8217
655 #0 - TERMINO DE INDIZACIÓN--GENERO/FORMA
Datos o término principal de género/forma Novelas
9 (RLIN) 234319
700 #1 - ENTRADA AGREGADA--NOMBRE PERSONAL
Nombre de persona Irving, Washington,
Fechas asociadas al nombre 1783-1859.
Título de la obra Legends of the conquest of Spain
9 (RLIN) 222515
752 ## - ENTRADA AGREGADA--NOMBRE JERÁRQUICO DEL LUGAR
País o entidad superior Gran Bretaña -
Jurisdicción política intermedia Londres
852 ## - LOCALIZACIÓN
Ubicación ES-MaACL
Número de control de estantería G-10549-10550
Nota libre -- Enc. pasta española
942 ## - ELEMENTOS DE ENTRADA SECUNDARIOS (KOHA)
Fuente del sistema de clasificación o colocación Clasificación decimal universal
Holdings
Estatus retirado Estado de pérdida Estado de daño No para préstamo Colección Biblioteca de origen Biblioteca actual Ubicación en estantería Fecha de adquisición Fuente de adquisición Total de préstamos Signatura topográfica completa Código de barras Visto por última vez Precio de reemplazo Tipo de ítem Koha
        Libros del s. XIX Biblioteca del Ateneo de Madrid Biblioteca del Ateneo de Madrid Sala Pecera Planta 3 17/01/2008     G-10549-10550 1163295 23/02/2023 23/02/2023 Libro impreso antiguo